Tribhuvan University Central Library

Bhimnidhi tiwariko upanyaskarita (Record no. 105748)

MARC details
000 -LEADER
fixed length control field 00430nam a22001577a 4500
008 - FIXED-LENGTH DATA ELEMENTS--GENERAL INFORMATION
fixed length control field 221107b |||||||| |||| 00| 0 eng d
082 ## - DEWEY DECIMAL CLASSIFICATION NUMBER
Classification number CD20943
100 ## - MAIN ENTRY--PERSONAL NAME
Personal name Poudyal, Bishnu Prasad
245 ## - TITLE STATEMENT
Title Bhimnidhi tiwariko upanyaskarita
260 ## - PUBLICATION, DISTRIBUTION, ETC. (IMPRINT)
Place of publication, distribution, etc Kathmandu:
Date of publication, distribution, etc 2068BS
504 ## - BIBLIOGRAPHY, ETC. NOTE
Bibliography, etc Dissertation (Degree in Nepali), TU
650 ## - SUBJECT ADDED ENTRY--TOPICAL TERM
Topical term or geographic name as entry element Biography
650 ## - SUBJECT ADDED ENTRY--TOPICAL TERM
Topical term or geographic name as entry element Tiwari, Bhimnidhi- biography
650 ## - SUBJECT ADDED ENTRY--TOPICAL TERM
Topical term or geographic name as entry element Criticism
942 ## - ADDED ENTRY ELEMENTS (KOHA)
Source of classification or shelving scheme Dewey Decimal Classification
Koha item type Audio Visual Materials
Holdings
Withdrawn status Lost status Source of classification or shelving scheme Damaged status Not for loan Home library Current library Date acquired Total Checkouts Full call number Barcode Date last seen Price effective from Koha item type
    Dewey Decimal Classification     Tribhuvan University Central Library Tribhuvan University Central Library 11/07/2022   CD20943 A20893 11/07/2022 11/07/2022 Audio Visual Materials